000 00643nam a2200277Ia 4500
005 20260324144345.0
008 008 260324s9999 xx 000 0 eng d
020 _a9781003065876
037 _aEBOOK
040 _aCRL
040 _beng
040 _cCRL
041 _2eng
041 _aeng
084 _qCRL
100 _aMichael Stohl
_91219019
245 4 _aThe Politics of Terrorism, Third Edition,
260 _bTaylor and Francis
260 _c1988
365 _a
365 _b195
856 _uhttp://www.taylorfrancis.com/books/9781003065876
942 _cEBOOK
999 _c1825540
_d1825540